Introduction to Peace and Conflict Studies in West Africa (Record no. 2443)

MARC details
000 -LEADER
fixed length control field 00374nam a22001337a 4500
008 - FIXED-LENGTH DATA ELEMENTS--GENERAL INFORMATION
fixed length control field 250318b |||||||| |||| 00| 0 eng d
020 ## - INTERNATIONAL STANDARD BOOK NUMBER
ISBN 9789787925400
100 ## - MAIN ENTRY--AUTHOR
Author SHEDRACK, Gaya Best
245 ## - TITLE STATEMENT
Title Introduction to Peace and Conflict Studies in West Africa
260 ## - PUBLICATION, DISTRIBUTION, ETC. (IMPRINT)
Place of publication Nigeria
Name of publisher Spectrum Books Limited
Date of publication 2016
300 ## - COLLATION
Pagination xv, 476p.
942 ## - ADDED ENTRY ELEMENTS (KOHA)
Item type Books
050 ## - LIBRARY OF CONGRESS CALL NUMBER
Classification number HD5534
Item number .I68

No items available.